|
|
|
|
| LEADER |
00000nam a22000007a 4500 |
| 005 |
20210111223827.0 |
| 007 |
cr|||| |||| |
| 008 |
210111s2010 br |||||s|||| 00||0 por d |
| 020 |
|
|
|a 978-85-89917-70-4
|
| 035 |
|
|
|a 32507
|
| 040 |
|
|
|a vLex
|
| 090 |
|
|
|c 11071
|d 11071
|
| 100 |
1 |
|
|a Fucs, Ildo
|
| 245 |
1 |
0 |
|a Tributo
|h [Recurso electrn̤ico] :
|b Instrumento de Poder /
|c Ildo Fucs
|
| 256 |
|
|
|a Servicio en ln̕ea
|
| 260 |
|
|
|a San Pablo:
|b Letras Jurídicas Editora,
|c 2010
|
| 300 |
|
|
|a 1 recurso electrn̤ico
|
| 500 |
|
|
|a O trabalho que ora vos ̌demonstrado busca desenvolver uma t̤ica diferenciada sobre a natureza do tributo, ao desviar-se dos contextos pelos quais a maioria dos autores imprime em suas obras. Em vez de representar um enobrecimento ̉atuaȯ̂ estatal, ao carrear parcela do patrimn̥io privado para os cofres pb︢licos, no sentido da promoȯ̂ do bem comum, atravš do provimento dos serviȯs bs̀icos postos ̉disposiȯ̂ do cidadô, o tributo, nestes pergaminhos, ̌encarado como instrumento de poder e opressô citadina. DETALHES DA OBRA: Em linhas concisas, o livro est ̀subdividido em 02 (duas) grandes partes. Poder-se-ia dizer que at ̌o 4O (quarto) Capt̕ulo lanȧ-se o arcabouȯ ter̤ico, pelo qual se sustenta a tese supra enunciada, qual seja, a utilizaȯ̂ do tributo como instrumento de poder e opressô do sd︢ito estatal, o administrado. Os l︢timos 03 (trs̊) Capt̕ulos trazem exemplos prt̀icos e objetivos desta malfadada instrumentalizaȯ̂. Ou seja, a primeira parte constitui-se em arquťipo doutrinr̀io sobre o tema, enquanto que a parte final ocupa-se de demonstrar in specie a aplicaȯ̂ pela qual se sustenta ̉reflexô empreendida.
|
| 506 |
1 |
|
|a Disponible solo en los productos indicados
|d vLex Global
|d vLex Global (Academic Edition, excluding Law Schools)
|d vLex Global (U.S. Academic Edition, Law Schools)
|d vLex Global (U.S. Academic Edition, excluding Law Schools)
|d vLex Global (Academic Edition, Law Schools)
|
| 650 |
0 |
4 |
|a Derecho Tributario
|z Brasil
|
| 740 |
0 |
|
|a vLex Libros (Servicio en ln̕ea)
|
| 856 |
4 |
0 |
|u http://vlex.com/source/tributo-instrumento-de-poder-32507
|z Acceso restringido
|
| 942 |
|
|
|c BOOK
|
| 999 |
0 |
|
|a Tax Law
|